Introduction to molecular biology, genomics, and proteomics for biomedical engineers / (Record no. 21307)
[ view plain ]
| 000 -LEADER | |
|---|---|
| fixed length control field | 01737cam a2200373 i 4500 |
| 001 - CONTROL NUMBER | |
| control field | 15432913 |
| 003 - CONTROL NUMBER IDENTIFIER | |
| control field | EG-ScBUE |
| 005 - DATE AND TIME OF LATEST TRANSACTION | |
| control field | 20260125091301.0 |
| 008 - FIXED-LENGTH DATA ELEMENTS--GENERAL INFORMATION | |
| fixed length control field | 080828t2009 flua frb 001 0 eng d |
| 020 ## - INTERNATIONAL STANDARD BOOK NUMBER | |
| International Standard Book Number | 9781420061192 |
| 020 ## - INTERNATIONAL STANDARD BOOK NUMBER | |
| International Standard Book Number | 1420061194 |
| 040 ## - CATALOGING SOURCE | |
| Original cataloging agency | DNLM/DLC |
| Language of cataloging | eng |
| Description conventions | rda |
| Transcribing agency | DLC |
| Modifying agency | NLM |
| -- | OCLNG |
| -- | C#P |
| -- | YDXCP |
| -- | BWX |
| -- | CDX |
| -- | AGL |
| -- | DLC |
| -- | EG-ScBUE |
| 082 04 - DEWEY DECIMAL CLASSIFICATION NUMBER | |
| Classification number | 572.8 |
| Edition number | 22 |
| Item number | NOR |
| 100 1# - MAIN ENTRY--PERSONAL NAME | |
| Personal name | Northrop, Robert B., |
| Relator term | author. |
| 9 (RLIN) | 39475 |
| 245 10 - TITLE STATEMENT | |
| Title | Introduction to molecular biology, genomics, and proteomics for biomedical engineers / |
| Statement of responsibility, etc | Robert B. Northrop and Anne N. Connor. |
| 264 #1 - PUBLICATION, DISTRIBUTION, ETC. (IMPRINT) | |
| Place of publication, distribution, etc | Boca Raton : |
| Name of publisher, distributor, etc | CRC Press / Taylor & Francis Group, |
| Date of publication, distribution, etc | [2009] |
| 264 #4 - PUBLICATION, DISTRIBUTION, ETC. (IMPRINT) | |
| Date of publication, distribution, etc | c2009 |
| 300 ## - PHYSICAL DESCRIPTION | |
| Extent | xx, 453 pages : |
| Other physical details | illustrations (some color) ; |
| Dimensions | 26 cm. |
| 336 ## - CONTENT TYPE | |
| Source | rdacontent |
| Content type term | text |
| Content type code | txt |
| 337 ## - MEDIA TYPE | |
| Media type term | unmediated |
| Source | rdamedia |
| Media type code | n |
| 338 ## - CARRIER TYPE | |
| Carrier type term | volume |
| Carrier type code | nc |
| Source | rdacarrier |
| 490 0# - SERIES STATEMENT | |
| Series statement | Biomedical engineering series |
| 504 ## - BIBLIOGRAPHY, ETC. NOTE | |
| Bibliography, etc | Includes bibliographical references and index.<br/> |
| 505 0# - FORMATTED CONTENTS NOTE | |
| Formatted contents note | Life and death -- Review of basic cell anatomy and physiology -- Introduction to physical biochemistry and biochemical systems modeling -- The basis of genetic inheritance -- Nucleic acids and their functions -- A review of proteins -- The genetic basis for certain inheritable diseases : genomic medicine -- Some instrumental methods used in genomics, proteomics, and forensic science -- Applications of genomics -- Ethical issues in ge=netic engineering. |
| 650 #7 - SUBJECT ADDED ENTRY--TOPICAL TERM | |
| Topical term or geographic name as entry element | Molecular biology. |
| Source of heading or term | BUEsh |
| 9 (RLIN) | 38995 |
| 650 #7 - SUBJECT ADDED ENTRY--TOPICAL TERM | |
| Topical term or geographic name as entry element | Genomics. |
| Source of heading or term | BUEsh |
| 650 #0 - SUBJECT ADDED ENTRY--TOPICAL TERM | |
| Topical term or geographic name as entry element | Proteomics. |
| Source of heading or term | BUEsh |
| 650 #0 - SUBJECT ADDED ENTRY--TOPICAL TERM | |
| Topical term or geographic name as entry element | Biomedical engineers. |
| Source of heading or term | BUEsh |
| 651 ## - SUBJECT ADDED ENTRY--GEOGRAPHIC NAME | |
| Source of heading or term | BUEsh |
| 653 ## - INDEX TERM--UNCONTROLLED | |
| Resource For college | Pharmacy |
| Arrived date list | March2016 |
| 655 ## - INDEX TERM--GENRE/FORM | |
| Form subdivision | Reading book |
| 700 1# - ADDED ENTRY--PERSONAL NAME | |
| Personal name | Connor, Anne N., |
| Relator term | author. |
| 942 ## - ADDED ENTRY ELEMENTS (KOHA) | |
| Source of classification or shelving scheme | Dewey Decimal Classification |
| Koha item type | Book - Borrowing |
| Withdrawn status | Lost status | Source of classification or shelving scheme | Damaged status | Not for loan | Collection code | Home library | Current library | Shelving location | Date acquired | Source of acquisition | Cost, normal purchase price | Serial Enumeration / chronology | Total Checkouts | Total Renewals | Full call number | Barcode | Checked out | Date last seen | Date checked out | Cost, replacement price | Price effective from | Koha item type |
|---|---|---|---|---|---|---|---|---|---|---|---|---|---|---|---|---|---|---|---|---|---|---|
| Dewey Decimal Classification | Central Library | Central Library | First floor | 02/03/2016 | Purchase | 540.00 | 2 | 2 | 9 | 572.8 NOR | 000031866 | 16/05/2026 | 24/03/2026 | 24/03/2026 | 675.00 | 02/03/2016 | Book - Borrowing |